AN INTRODUCTION TO CRITICAL THINKING (Record no. 8633)

MARC details
000 -LEADER
fixed length control field 00414nam a22001697a 4500
005 - DATE AND TIME OF LATEST TRANSACTION
control field 20240902141226.0
008 - FIXED-LENGTH DATA ELEMENTS--GENERAL INFORMATION
fixed length control field 240902b |||||||| |||| 00| 0 eng d
020 ## - INTERNATIONAL STANDARD BOOK NUMBER
ISBN 978-81-317-3456-8
041 ## - LANGUAGE CODE
Language code of text/sound track or separate title eng
082 ## - DEWEY DECIMAL CLASSIFICATION NUMBER
Classification number 160 SEN
100 ## - MAIN ENTRY--AUTHOR NAME
Personal name SEN, MADHUCCHANDA
245 ## - TITLE STATEMENT
Title AN INTRODUCTION TO CRITICAL THINKING
260 ## - PUBLICATION, DISTRIBUTION, ETC. (IMPRINT)
Place of publication UTTAR PRADESH
Name of publisher PEARSON
300 ## - PHYSICAL DESCRIPTION
Number of Pages 106;P
650 ## - SUBJECT ADDED ENTRY--TOPICAL TERM
Topical Term BMLT
942 ## - ADDED ENTRY ELEMENTS (KOHA)
Koha item type Books
Holdings
Lost status Damaged status Collection code Home library Current library Shelving location Date acquired Source of acquisition Cost, normal purchase price Full call number Accession Number Koha item type
    Bachelor of Medical Laboratory Technology JRU Library JRU Library SHELF-18-F 30/08/2024 PURCHASE 235.00 160 28398 Books
    Bachelor of Medical Laboratory Technology JRU Library JRU Library SHELF-71-A 30/08/2024 PURCHASE 235.00 160 28399 Books